Finland Brand Logos! - Statistics

General Stats
  • This quiz has been taken 516 times
  • The average score is 4 of 5
Answer Stats
Picture Answer % Correct
Angry Birds
96%
Finnair
96%
Finlandia
82%
Rovio
67%
Bad Piggies
44%
No matching quizzes found
Score Distribution
Percent of People with Each Score
Percentile by Number Answered
Your Score History
You have not taken this quiz